Fichas de trabajo Lengia Española Séptimo curso

Gespeichert in:
Bibliographische Detailangaben
1. Verfasser: Alvarez, Antonio. Autor, Maestro
Weitere Verfasser: Hernández, C.
Format: Buch
Sprache:Spanisch
Erschienen: Valladolid Miñón S.A. 1975
Ausgabe:
Katalog:MANES:  Suchergebnis im Bibliothekskatalog
Schulbuchspezifische Eigenschaften:
Tags: Tag hinzufügen
Keine Tags, Fügen Sie den ersten Tag hinzu!
Hinzugefügt zu:04.10.2020
Geändert in:07.05.2025

MARC

LEADER 00000nam a22000007a 4500
005 20250507133357.0
008 201005b ||||| |||| 00| 0 spa d
561 |5 es-CICE  |3 FMa/L297  |a España. Centro Internacional de la Cultura Escolar  |k MANES 
999 |c 88821  |d 88821 
040 |a centro_manes  |c Centro_internacional de la cultura escolar 
100 |9 3857  |a Alvarez, Antonio. Autor, Maestro 
245 |a Fichas de trabajo Lengia Española Séptimo curso 
250 |a 1ª 
260 |a Valladolid  |b Miñón S.A.  |c 1975 
300 |a 256 p.  |c 26 x 18 cm. 
500 |a Contiene fichas con actividades para los alumnos. Libro para la Enseñanza General Básica 
546 |a España 
690 0 |a LEN 
691 0 |a PRI 
700 |9 31263  |a Hernández, C. 
942 |2 ddc  |c BK 
999 |c manes:88821  |d 88821